000 01819nam a2200517 i 4500
001 18515
003 KOSZ 005
005 20200518144542.0
008 020718s1978 pl a f f |001 0 pol
015 _aUWD 1978/10868
035 _a991018758069705066
035 _a(PL-WaBN)b15085041-48omnis_nlop
035 _ab15085041
035 _a(OCoLC)831036110
035 _a(PL)b0000001508504
035 _a(EXLNZ-48OMNIS_NETWORK)9910414655105606
040 _aWA N
_cWA N
_dKOSZ 005/HR
046 _k1978
080 _a624.012.4
080 _a(075.8)
100 1 _aDąbrowski, Kazimierz
_d(1919-2014)
_eAutor
245 1 0 _aPodstawy wymiarowania konstrukcji betonowych i żelbetonowych /
_cKazimierz Dąbrowski, Jan Jargiełło, Mieczysław Król.
260 _aLublin :
_bWydawnictwa Uczelniane PL,
_c1978.
300 _a376 s. :
_bil., tab., wykr. ;
_c24 cm.
336 _aTekst
_btxt
_2rdacontent
337 _aBez urządzenia pośredniczącego
_bn
_2rdamedia
338 _aWolumin
_bnc
_2rdacarrier
380 _aKsiążki
380 _aPublikacje dydaktyczne
385 _mPoziom nauczania
_aSzkoły wyższe
388 _a1901-2000
388 _a1945-1989
490 1 _aBudownictwo / Politechnika Lubelska
504 _aIndeksy.
650 7 _aKonstrukcje betonowe
_2DBN
650 7 _aKonstrukcje żelbetowe
_2DBN
650 7 _aProjektowanie
655 7 _aPodręczniki akademickie
_2DBN
658 _aArchitektura i budownictwo
700 1 _aJargiełło, Jan
_d(1932- )
_eAutor
700 1 _aKról, Mieczysław
_d(1932-2009)
_eAutor
830 0 _aBudownictwo - Politechnika Lubelska
856 _uhttp://koha.tu.koszalin.pl/cgi-bin/koha/opac-detail.pl?biblionumber=18515
_yKatalog online BPK
942 _2UKD
_cKS
999 _c18515
_d18515